Can You Name All The Trios In Brawl Stars? - Statistics

General Stats
  • This quiz has been taken 5 times
    3 since last reset
  • The average score is 21 of 40
Answer Stats
Hint Answer % Correct
Rosa | Bea | Sprout Biodome
100%
Clancy | Otis | Hank Deep Sea
100%
Colt | Shelly | Spike Ranger Ranch
100%
Brock | Rico | 8-Bit Arcade
67%
Charlie | Sirius | ??? Bizarre Circus
67%
Meeple | ??? | ??? Board Games
67%
Gray | Lola | Mico Brawlywood
67%
Mandy | Berry | Chester Candyland
67%
Moe | Ash | Grom Castle Courtyard
67%
Cordelius | Lily | Trunk Enchanted Woods
67%
Dynamike | Carl | Jackie Gem Miners
67%
Gus | Chuck | Shade Ghost Station
67%
Griff | Edgar | Colette Gift Shop
67%
Pearl | Belle | Sam Goldarm Gang
67%
Melodie | Jae-Yong | ??? Karaoke
67%
Sandy | Tara | Gene Mystic Wanderers
67%
Juju | Gigi | ??? Oddities Shop
67%
Crow | Bull | Bibi Retropolis
67%
Bo | Leon | Nita Shaman Tribe
67%
Lou | Mr.P | Gale Snowtel
67%
Squeak | Ruffs | Eve Starr Force
67%
R-T | Larry & Lawrie | ??? Starr Park Hub
67%
Kit | Starr Nova | ??? Starr Toon Studio
67%
Jannie | Stu | Bonnie Stunt Show
67%
Pierce | Buzz | Doug Velocirapids
67%
Glowy | ??? | ??? Aquarium
33%
Bolt | ??? | ??? Battle Busters
33%
Najia | Finx | ??? Escape Room
33%
Lumi | Draco | Damian Madevil Manor
33%
Mortis| Frank | Emz Mortuary
33%
Penny | Tick | Darryl Pirates
33%
Ember | El Primo | Poco Poco's Bandstand
33%
Ollie | Mina | ??? Skate Beats
33%
Max | Meg | Surge Superheroes
33%
Ziggy | ??? | ??? Illusions Wizards
0%
Pam | Nani | Jessie Junker Family
0%
Buster | Maisie | Fang Starr Theatre
0%
Kaze | Kenji | ??? Sushi Joint
0%
Alli | Angelo | Willow Swanp of Love
0%
Byron | Piper | Barley Townfolsk
0%
No matching quizzes found
Score Distribution
Percent of People with Each Score
Percentile by Number Answered
Your Score History
You have not taken this quiz since the last reset